000 00465nam a22001817a 4500
020 _a978-93-49946-58-3
082 _a954.035
_bVIS/A
100 _aVishnu K P.
245 _aAmbedkarude rashtravum desheeyathayum/
_cby Vishnu K P.
260 _a Kozhikode:
_bAtma Books,
_c2025.
300 _a168p.
650 _aHistory Ambedkar
650 _a Caste System
650 _aAmbedkar Studies
650 _aDalit Studies
650 _aHistory
942 _cBK
999 _c181819
_d181819